The courage To Be Disliked (Record no. 12198)

MARC details
000 -LEADER
fixed length control field 00394nam a22001697a 4500
003 - CONTROL NUMBER IDENTIFIER
control field OSt
008 - FIXED-LENGTH DATA ELEMENTS--GENERAL INFORMATION
fixed length control field 240127b |||||||| |||| 00| 0 eng d
020 ## - INTERNATIONAL STANDARD BOOK NUMBER
International Standard Book Number 9781760630720
082 ## - DEWEY DECIMAL CLASSIFICATION NUMBER
Classification number 158.1
Item number KIC
100 ## - MAIN ENTRY--PERSONAL NAME
Personal name KISHIMI,Ichiro
245 ## - TITLE STATEMENT
Title The courage To Be Disliked
250 ## - EDITION STATEMENT
Edition statement 1st Ed
260 ## - PUBLICATION, DISTRIBUTION, ETC. (IMPRINT)
Place of publication, distribution, etc UK
Name of publisher, distributor, etc Allen and Unwin
Date of publication, distribution, etc 2018
300 ## - PHYSICAL DESCRIPTION
Extent 272
650 ## - SUBJECT ADDED ENTRY--TOPICAL TERM
Topical term or geographic name as entry element KOGA,Fumitake
942 ## - ADDED ENTRY ELEMENTS (KOHA)
Source of classification or shelving scheme Dewey Decimal Classification
Koha item type Text Books
Holdings
Withdrawn status Lost status Source of classification or shelving scheme Damaged status Not for loan Collection code Home library Current library Date acquired Source of acquisition Currency Cost, normal purchase price Bill Number Total Checkouts Full call number Acc. no. / Barcode Date last seen Actual Cost, discounted price Bill Date Koha item type Date last borrowed
    Dewey Decimal Classification     GENERAL PIET C-LIBRARY PIET C-LIBRARY 13/01/2024 Zafaa Books and Distributors In rupees 499.00 ZBD0321   158.1 KIC 35410 27/01/2024 349.30 13/01/2024 Reference Books  
    Dewey Decimal Classification     GENERAL PIET C-LIBRARY PIET C-LIBRARY 13/01/2024 Zafaa Books and Distributors In rupees 499.00 ZBD0321 4 158.1 KIC 35411 21/04/2026 349.30 13/01/2024 Text Books 02/04/2026
    Dewey Decimal Classification     GENERAL PIET C-LIBRARY PIET C-LIBRARY 19/04/2025 Zaffa Books INR 550.00 ZBD0070 1 158.1 KIC 39525 05/08/2025 357.50 19/04/2025 Text Books 30/07/2025

Design & Developed by: PIET Central Library
R70 Miles Stone Pattikalyana Samalkha Panipat 132102
mail ID :- [email protected], Phone No:- 0180-2569700 Ex.216